Probability, stochastic processes, and queueing theory: the mathematics of computer performance modeling

Saved in:
Bibliografiske detaljer
Hovedforfatter: Nelson, Randolph (Author)
Format: Bog
Sprog:engelsk
Udgivet: Nueva York Springer 1995
Udgivelse:1a. ed
Fag:
Tags: Tilføj Tag
Ingen Tags, Vær først til at tagge denne postø!

MARC

LEADER 00000cam a2200000 a 4500
001 UCC6112
003 CL-VaPUC
008 181123e19950000us |||||||||||||||||eng|d
020 |a 0387944524 
082 0 4 |a 519.2  |b NEL  |2 21 
100 0 |a Nelson, Randolph  |e author  |9 600536 
245 1 0 |a Probability, stochastic processes, and queueing theory: the mathematics of computer performance modeling 
250 |a 1a. ed 
300 |a 583 p 
942 |c BK 
945 |d 20181123 16:12:00  |a dcastane 
260 |a Nueva York  |b Springer  |c 1995 
650 0 |a Probabilidades   |9 260199 
650 0 |a Variables aleatorias   |9 270745 
650 0 |a Procesos estocásticos   |9 260364 
583 |a last modification  |c 20181123 16:12:00  |k Rodrigo Vera 
999 |c 373146  |d 373144 
952 |0 0  |1 0  |3 erd  |4 0  |6 519_200000000000000_NEL_1995  |7 0  |8 A  |9 491122  |a BIBGIM  |b BIBGIM  |i 5516374  |o 519.2 NEL 1995  |p 5516374  |r 2025-01-15  |w 2019-11-24  |y BK  |z Catalogado en:20181123  |k EST